Bundesliga (Deutschland) Top 4 - Statistiken

Allgemein
  • Dieses Quiz wurde 2.071 mal gespielt
    1.816 seit der letzten Aktualisierung
  • Das Durchschnittsergebnis liegt bei 20 aus 26
Antwortstatistiken
Verein % Korrekt
Borussia Dortmund
100%
FC Bayern München
100%
RasenBallSport Leipzig
98%
Bayer 04 Leverkusen
97%
FC Schalke 04
95%
VfB Stuttgart
95%
VfL Wolfsburg
94%
SV Werder Bremen
93%
Hamburger SV
91%
Borussia M'gladbach
90%
1. FC Köln
89%
Eintracht Frankfurt
89%
Hertha BSC Berlin
85%
1. FC Kaiserslautern
82%
1. FC Nürnberg
80%
1. FC Union Berlin
79%
TSG 1899 Hoffenheim
78%
SC Freiburg
75%
Hannover 96
67%
TSV 1860 München
66%
Eintracht Braunschweig
58%
Fortuna Düsseldorf
58%
MSV Duisburg
46%
Alemannia Aachen
36%
Bayer 05 Uerdingen
28%
Wuppertaler SV Borussia
17%
Keine übereinstimmenden Quizze gefunden
Verteilung der Resultate
Anzahl Personen mit jedem Resultat
Perzentil nach korrekt beantworteten Fragen
Ihre Resultats-Entwicklung
Sie haben dieses Quiz seit der letzten Aktualisierung nicht gespielt